| 000 -LEADER |
| fixed length control field |
00958nam a2200289 a 4500 |
| 005 - DATE AND TIME OF LATEST TRANSACTION |
| control field |
20170914081857.0 |
| 008 - FIXED-LENGTH DATA ELEMENTS--GENERAL INFORMATION |
| fixed length control field |
951101s1996 nyua 001 0 eng |
| 020 ## - IDENTIFIER FOR THE MANIFESTATION |
| Identifier for the Manifestation |
9780312436513 |
| Binding |
paperback |
| 040 ## - CATALOGING SOURCE |
| Transcribing Agency |
APEC Schools Library |
| Language of Cataloging |
eng |
| Description Conventions |
rda |
| 082 00 - DEWEY DECIMAL CLASSIFICATION NUMBER |
| Classification number |
C 808.8 |
| Author's Number |
Ab299l 1994 |
| 245 00 - TITLE AND STATEMENT OF RESPONSIBILITY |
| Preferred Title Proper |
Literature, the human experience / |
| Statement of Responsibility/Parallel Statement of Responsibility |
[compiled by] Richard Abcarian, Marvin Klotz. |
| 246 3# - VARIANT PARALLEL TITLE PROPER |
| Parallel Title Proper/Variant/Later Title Proper |
Literature |
| 250 ## - EDITION STATEMENT |
| Designation of Edition/Designation of a Named Revision of an Edition |
Sixth edition |
| 264 ## - PUBLICATION STATEMENT |
| Place of publication, distribution, etc |
New York, NY : |
| Publisher's Name/Parallel Publisher's Name |
St. Martin's Griffin , |
| Copyright |
©1994 |
| Date of Publication |
[1994] |
| 300 ## - PHYSICAL DESCRIPTION |
| Extent |
1397 pages : |
| Illustrative Content |
illustrations ; |
| Dimensions |
24 cm |
| 336 ## - RDA CONTENT |
| Source |
rdacontent |
| Content Type |
text |
| 337 ## - RDA MEDIA |
| Source |
rdamedia |
| Media Type |
unmediated |
| 338 ## - RDA CARRIER |
| Source |
rdacarrier |
| Carrier Type |
volume |
| 500 ## - GENERAL NOTE |
| Note on Title/Statement of Responsibility/Edition/Publication/Copyright |
Includes index. |
| 650 #0 - ADDED SUBJECT ACCESS POINT - TOPICAL TERM |
| Topical Term |
Literature |
| General Subdivision |
Collections. |
| 700 1# - ADDED AUTHORIZED ACCESS POINT - PERSONAL NAME |
| Preferred Name of the Person |
Abcarian, Richard. |
| 700 1# - ADDED AUTHORIZED ACCESS POINT - PERSONAL NAME |
| Preferred Name of the Person |
Klotz, Marvin. |
| 942 ## - ADDED ENTRY ELEMENTS (KOHA) |
| Source of Classification |
|
| Koha Item Type |
Non Fiction |